000 00784nam a22002417a 4500
001 98268
003 UA-OsUOA
005 20220624233523.0
007 ta
008 20130411b un ||||| |||| 00| 0 ukr d
040 _aUA-OsUOA
_brus
_cUA-OsUOA
_dUA-OsUOA
041 _arus
080 _a821.512.133
090 _a821.512.133
_bР28
100 _aРашидов Ш.
245 _aСобрание сочинений в пяти томах
260 _aМ.
_bХудожественная литература
_c1980
300 _a399 с.
505 _gт. 4
_tЛитературно-критические статьи. Воспоминания. Зрелость
650 7 _a82 Література. Літературознавство
_2UDC
942 _cBK
_2udc
955 _a3
999 _c384741
_d384741